000 00529nam a2200193 i 4500
001 84692
003 ES-MaACL
005 20230906175054.0
007 t|
008 041123s1963 sp ||||1| spa d
100 1 _aJiménez Lozano, José.
_966552
245 1 3 _aUn cristiano en rebeldía /
_cJosé Jiménez Lozano.
260 _aSalamanca :
_bSígueme,
_c1963.
300 _a180 p. ;
_c19 cm.
490 1 _aHinneni ;
_v30
830 0 _aHinneni ;
_v30
_9180790
852 _aES-MaACL
_jC-24923
_bR.53452
999 _c84692
_d84692